Kontrolná akcia zameraná na výrobný proces diplomová práca

Guardado en:
Detalles Bibliográficos
Autor principal: Mátéová, Viktória
Autor Corporativo: Fakulta hospodárskej informatiky EU. Katedra účtovníctva a audítorstva
Otros Autores: Vépyová, Mária
Formato: Libro
Lenguaje:eslovaco
Publicado: Bratislava 2017
Etiquetas: Agregar Etiqueta
Sin Etiquetas, Sea el primero en etiquetar este registro!

MARC

LEADER 00000nbm a2200000 4500
001 0230962
005 20180410102109.9
041 0 |a slo 
044 |a SK 
245 1 0 |a Kontrolná akcia zameraná na výrobný proces  |b diplomová práca  |c Viktória Mátéová ; školiteľ: Mária Vépyová 
264 1 |a Bratislava  |c 2017 
300 |a 61 s. 
100 1 |a Mátéová, Viktória 
700 1 |a Vépyová, Mária 
710 2 |a Fakulta hospodárskej informatiky EU. Katedra účtovníctva a audítorstva